Statistics for FIFA 22 Road To The Final

Click here to take the quiz!

General Stats

  • This quiz has been taken 54 times
    (42 since last reset)
  • The average score is 20 of 28

Answer Stats

ClubPositionRatingCompetitionAnswer% Correct
ChelseaCAM89Champions LeagueKai Havertz
95%
LiverpoolCAM92Champions LeagueSadio Mane
95%
Man UnitedLB87Champions LeagueAlex Telles
81%
LeicesterST90Conference LeagueJamie Vardy
81%
AjaxCB87Champions LeagueLisandro Martinez
78%
Man CityRW91Champions LeagueRiyad Mahrez
78%
LiverpoolCM90Champions LeagueThiago
78%
Man CityRB89Champions LeagueKyle Walker
76%
BarcelonaCF92Europa LeagueMemphis Depay
76%
BarcelonaLW87Europa LeagueAnsu Fati
73%
RomaCB86Conference LeagueChris Smalling
73%
SevillaCAM87Europa LeagueAlejandro Gomez
70%
Borussia DortmundCM86Europa LeagueEmre Can
70%
Real MadridST89Champions LeagueGareth Bale
70%
West HamRM86Europa LeagueJarrod Bowen
70%
JuventusRB87Champions LeagueJuan Cuadrado
70%
Inter MilanCF88Champions LeagueAlexis Sanchez
68%
PSGCB87Champions LeaguePresnel Kimpembe
68%
MarseilleCDM85Conference LeagueBoubacar Kamara
65%
Atletico MadridCM88Champions LeagueMarcos Llorente
65%
LilleCM87Champions LeagueRenato Sanches
65%
LyonCB84Europa LeagueJason Denayer
62%
AtalantaCF88Europa LeagueJosip Ilicic
62%
Bayern MunichCM88Champions LeagueCorentin Tolisso
59%
NapoliRW87Europa LeagueHirving Lozano
59%
Bayern MunichCB88Champions LeagueLucas Hernandez
54%
RB LeipzigCAM85Europa LeagueDominik Szoboszlai
49%
RomaCDM87Conference LeagueAinsley Maitland-Niles
43%

Score Distribution

Percentile by Number Answered

Percent of People with Each Score

Your Score History

You have not taken this quiz since the last reset